Statistics for Analogies #3

Click here to take the quiz!

General Stats

  • This quiz has been taken 58,024 times
    (42,368 since last reset)
  • The average score is 15 of 20

Answer Stats

This is to this ... As ... % Correct
Plus is to Addition{Minus} is to Subtraction
97%
Ride is to Bike{Drive} is to Car
96%
Bill Gates is to MicrosoftSteve Jobs is to {Apple}
95%
Ball is to Soccer{Puck} is to Ice Hockey
92%
Waiter is to WaitressHero is to {Heroine}
90%
Hollywood is to the United States{Bollywood} is to India
90%
Rooster is to Chicken{Bull} is to Cow
90%
Car is to GarageAirplane is to {Hangar}
84%
Leo is to LionPisces is to {Fish}
84%
3 is to Yard5280 is to {Mile}
82%
Everest is to Asia{Kilimanjaro} is to Africa
79%
Booth is to LincolnOswald is to {Kennedy}
78%
Small Step is to Man{Giant} {Leap} is to
Mankind
78%
Earl Grey is to TeaPilsner is to {Beer}
75%
Graceland is to PresleyNeverland Ranch is to
{Jackson}
72%
AL is to AlabamaME is to {Maine}
72%
London is to Heathrow{Chicago} is to O'Hare
69%
Slash is to Guns n' RosesThe Edge is to {U2}
42%
12 is to Dozen20 is to {Score}
35%
Cowboy is to North America{Gaucho} is to Patagonia
30%

Score Distribution

Percentile by Number Answered

Percent of People with Each Score

Your Score History

You have not taken this quiz since the last reset